| 000 | 00761nam a2200253Ia 4500 | ||
|---|---|---|---|
| 003 | OSt | ||
| 005 | 20220714145625.0 | ||
| 008 | 210716s2002 xx 000 0 und d | ||
| 020 | _a8178085437 | ||
| 040 | _cAIMIT LIBRARY | ||
| 041 | _aeng | ||
| 082 |
_a512.7 _22 _bGRAR |
||
| 100 |
_aGraham, Ronald L. _949443 |
||
| 245 |
_aConcrete mathematics / _cBy Ronald L Graham, Donald E Knuth and Oren Patashnik. |
||
| 250 | _a2nd ed. | ||
| 260 |
_aNew Delhi : _bPearson Education , _c2002. |
||
| 300 |
_axiii,657p. ; _c24 cm. |
||
| 650 |
_aIntegar functions _949444 |
||
| 650 |
_aSpecial numbers _949445 |
||
| 650 |
_aDiscrete probability _949446 |
||
| 700 |
_aKnuth, Donald E. _949447 |
||
| 700 |
_aPatashnik, Oren _949448 |
||
| 942 |
_2ddc _cBK _e2nd _k512.7 GRAR |
||
| 999 |
_c185045 _d185045 |
||